Being as consciousness (Record no. 946458)

MARC details
000 -LEADER
fixed length control field 00832nam a2200265Ia 4500
003 - CONTROL NUMBER IDENTIFIER
control field OSt
005 - DATE AND TIME OF LATEST TRANSACTION
control field 20221005040132.0
008 - FIXED-LENGTH DATA ELEMENTS--GENERAL INFORMATION
fixed length control field 221004b |||||||| |||| 00| 0 eng d
020 ## - INTERNATIONAL STANDARD BOOK NUMBER
International Standard Book Number 8120819675 (hbk)
037 ## - SOURCE OF ACQUISITION
Terms of availability Textual
040 ## - CATALOGING SOURCE
Original cataloging agency CRL
Transcribing agency CRL
Language of cataloging eng
041 ## - LANGUAGE CODE
Source of code eng
Language code of text/sound track or separate title eng
100 ## - MAIN ENTRY--PERSONAL NAME
Personal name Fernando Tola
9 (RLIN) 588920
245 #0 - TITLE STATEMENT
Title Being as consciousness
Remainder of title yogacara philosophy of buddhism
260 ## - PUBLICATION, DISTRIBUTION, ETC.
Place of publication, distribution, etc. Delhi
Name of publisher, distributor, etc. Motilal Babarsidass India
Date of publication, distribution, etc. 2004
300 ## - PHYSICAL DESCRIPTION
Extent xl,270p.
Dimensions cm.
650 ## - SUBJECT ADDED ENTRY--TOPICAL TERM
Topical term or geographic name entry element PHILOSOPHY
700 ## - ADDED ENTRY--PERSONAL NAME
Personal name Dragonetti Carmen
942 ## - ADDED ENTRY ELEMENTS (KOHA)
Classification part R6946, P4-;1
Koha item type Textual
Source of classification or shelving scheme
Holdings
Withdrawn status Lost status Damaged status Not for loan Home library Current library Date acquired Source of acquisition Cost, normal purchase price Total Checkouts Full call number Barcode Date last seen Cost, replacement price Price effective from Koha item type
        Central Library Central Library 2022-10-05 19387, 17/03/2008, Motilal Banarsidass 395.00   R6946 P4-;1 CL1384703 2022-10-05 395.00 2022-10-05 Textual
Copyright @ Delhi University Library System